00790nam a2200169 i 4500001000700000003000900007005001700016008004100033040002000074100003000094245012900124250004500253260010400298300008900402651004000491852008900531162441ES-MaACL20250811063159.0931025s1787 sp ax |||| | spa d aCAM bspa cPAB1 aPonz, Antonio,d1725-179210aViage de España b: en que se da noticia de las cosas mas apreciables ... / csu autor D. Antonio Ponz ... ; tomo primero. aTercera edición corregida y aumentada. aMadrid : bpor la viuda de Ibarra hijos y compañía : bse hallará ... en su imprenta, c1787. a[8], 408 p., [3] h. de grab., [1] h. de map. pleg., [4] h. de grab. pleg. ; c16 cm. 4aToledo (Provincia)-xDescripción. aES-MaACLjR-468-85 z-- Enc. piel, no original de la épocax Olim: F-12859-76